| 000 | 00679cam a22002174a 4500 | ||
|---|---|---|---|
| 999 |
_c1166 _d1166 |
||
| 001 | 15374 | ||
| 003 | BD-DhUAP | ||
| 005 | 20200203141339.0 | ||
| 008 | 200203s20101987enk b 001 0 eng | ||
| 020 | _a9788175340053 | ||
| 040 |
_aBD-DhUAP _cBD-DhUAP _dBD-DhUAP _bEng |
||
| 082 | 0 | 4 |
_a340.5 DIC _223 |
| 245 |
_aA dictionary of legal quotations / _ccompiled and edited by Simon James and Chantal Stebbings. |
||
| 260 |
_aNew Delhi : _bUniversal, _cc1987 [Reprinted 2010]. |
||
| 300 |
_axiv, 209 pages ; _c24 cm. |
||
| 504 | _aIncludes bibliographical references and index. | ||
| 650 |
_aLaw _zIndia. |
||
| 700 | _aJames, Simon | ||
| 700 | _aStebbings, Chantal | ||
| 942 |
_2ddc _cBK |
||